Guess the Taylor Swift Song by Synonym - Statistics

General Stats
  • This quiz has been taken 120 times
  • The average score is 11 of 13
Answer Stats
Hint Answer % Correct
Talk Presently Speak Now
100%
Purple Fog Lavender Haze
97%
Sir Absolutely Good Mr.Perfectly Fine
92%
Empty Spot Blank Space
90%
lengthy novel shortened Long Story Short
90%
Affection Tale Love Story
90%
Dark Reddish-Brown Maroon
88%
My Teardrops Deflect My Tears Ricochet
86%
Leap Then Descent Jump Then Fall
75%
Fragile Delicate
66%
Responsible as Wrong Doing? Guilty as Sin
62%
Rancher related to myself Cowboy Like Me
58%
Ocular Lenses Wide Eyes Open
58%
No matching quizzes found
Score Distribution
Percent of People with Each Score
Percentile by Number Answered
Your Score History
You have not taken this quiz